Football NSW NPL/Leagues - Statistics

General Stats
  • This quiz has been taken 60 times
    46 since last reset
  • The average score is 37 of 47
Answer Stats
League Home Ground Team % Correct
NPL NSW Lambert Park APIA Leichardt FC
100%
NPL NSW Landen Stadium Blacktown City FC
100%
NPL NSW Marconi Stadium Marconi Stallions FC
100%
NPL NSW Rockdale Illinden Sports Centre Rockdale Illinden City Suns FC
100%
NPL NSW Seymour Shaw Park Sutherland Sharks FC
100%
FNSW League Two University Oval Sydney University SFC
100%
NPL NSW Wanderers Football Park Western Sydney Wanderers FC
100%
NPL NSW Pluim Park Central Coast Mariners FC
95%
NPL NSW Sky Centre of Excellence Sydney FC
95%
NPL NSW WIN Stadium Wollongong Wolves
95%
FNSW League One Bonnyrigg Stadium Bonnyrigg White Eagles FC
91%
NPL NSW Christie Park NWS Spirit FC
91%
NPL NSW Sydney United Sports Centre Sydney United 58
91%
FNSW League Two Fraser Park Fraser Park FC
86%
FNSW League One Lynwood Park Macarthur Rams FC
86%
NPL NSW Cromer Park Manly United FC
86%
FNSW League One Poppondetta Park Mt Druitt Towns Rangers
86%
NPL NSW Peakhurst Park St George City FA
86%
NPL NSW Belmore Sports Ground Sydney Olympic FC
86%
FNSW League One Jensen Park Bankstown City Lions FC
77%
FNSW League One Blacktown International Sportspark Blacktown Spartans FC
77%
FNSW League One Hensley Athletic Field Hakoah Sydney City East FC
77%
NPL NSW Landen Stadium Hills United FC
77%
FNSW League Two Cook Park (Mt Pritchard) Mounties Wanderers FC
77%
FNSW League Two Lake Macquarie Regional Football Facility Newcastle Jets FC
77%
FNSW League Two Melita Stadium Parramatta FC
77%
FNSW League One Rydalmere Park Rydalmere Lions FC
77%
FNSW League One Ernie Smith Reserve SD Raiders FC
77%
FNSW League Two Sir Ian McLennan Oval South Coast Flame FC
77%
FNSW League One Sydney United Sports Centre Bulls FC Academy
73%
FNSW League Two Pluim Park Central Coast United FC
73%
FNSW League One Arlington Oval Dulwich Hill FC
73%
FNSW League Two Penshurst Park Hurstville ZFC
73%
FNSW League One Cook Park (St Marys) Nepean FC
73%
FNSW League One North Turramurra Oval Northern Tigers FC
73%
NPL NSW Rockdale Illinden Sports Centre St George FC
73%
FNSW League Two Ron Dine Reserve Camden Tigers FC
68%
FNSW League Two Christie Park Gladesville Ryde Magic FC
68%
FNSW League Two Ray Marshall Reserve Granville Rage FC
68%
FNSW League Two William Lawson Park Prospect United FC
68%
FNSW League One Hensley Athletic Field UNSW FC
68%
FNSW League Two Jensen Park Bankstown United
64%
FNSW League Two Arlington Oval Inner West Hawks FC
64%
FNSW League One Majors Bay Reserve Inter Lions SC
64%
FNSW League One Hensley Athletic Field Dunbar Rovers FC
55%
FNSW League Two Benson Lane Sporting Complex Hawkesbury City SC
45%
FNSW League One The Crest Canturbury Bankstown FC
23%
No matching quizzes found
Score Distribution
Percent of People with Each Score
Percentile by Number Answered
Your Score History
You have not taken this quiz since the last reset